| 000 | 00605nam a2200181Ia 4500 | ||
|---|---|---|---|
| 005 | 20260429112236.0 | ||
| 008 | 260429s9999||||xx |||||||||||||| ||und|| | ||
| 020 | _a9788126711697 | ||
| 041 | _aHindi | ||
| 082 |
_a780.92 _bRAG |
||
| 100 | _aराम, पंकज | ||
| 245 | 0 |
_aधुनो की यात्रा : _bहिंदी फिल्मों के संगीतकार / _cपंकज राम |
|
| 250 | _a5th ed. | ||
| 260 |
_aनई दिल्ली : _bराजकमल प्रकाशन, _c2022. |
||
| 300 | _a766 p.; Hb | ||
| 650 | _acomposers | ||
| 942 | _cTB | ||
| 999 |
_c53075 _d53075 |
||